000 00504nam a22001937a 4500
003 OSt
005 20250206121510.0
008 250206b |||||||| |||| 00| 0 eng d
020 _a0340761385
040 _cMUST
082 _222
_a338.9 NEW 2004
100 _aNewton, scott
_919356
245 _aThe global economy 1944-2000:
_bThe limits of ideology
260 _aLondon:
_bArnold,
_c2004
300 _axvi, 192p.
_bill.
_c23cm
504 _ainclude index
650 _2Economics
942 _2ddc
_cO_SHELF
999 _c9504
_d9504